<?xml version="1.0" encoding="UTF-8"?>
<record
    xmlns:xsi="http://www.w3.org/2001/XMLSchema-instance"
    xsi:schemaLocation="http://www.loc.gov/MARC21/slim http://www.loc.gov/standards/marcxml/schema/MARC21slim.xsd"
    xmlns="http://www.loc.gov/MARC21/slim">

  <leader>00997nam a22001697a 4500</leader>
  <controlfield tag="003">NUST</controlfield>
  <controlfield tag="005">20221208103912.0</controlfield>
  <controlfield tag="008">221208b           ||||| |||| 00| 0 eng d</controlfield>
  <datafield tag="020" ind1=" " ind2=" ">
    <subfield code="a">978-81-203-4849-3</subfield>
  </datafield>
  <datafield tag="082" ind1=" " ind2=" ">
    <subfield code="a">530.23, VER</subfield>
  </datafield>
  <datafield tag="100" ind1=" " ind2=" ">
    <subfield code="a">Verma, N.K</subfield>
    <subfield code="9">104427</subfield>
  </datafield>
  <datafield tag="245" ind1=" " ind2=" ">
    <subfield code="a">Physics for Engineering: </subfield>
    <subfield code="c">N.K Verma </subfield>
  </datafield>
  <datafield tag="260" ind1=" " ind2=" ">
    <subfield code="a">India</subfield>
    <subfield code="b">PHI Press </subfield>
    <subfield code="c">2014</subfield>
  </datafield>
  <datafield tag="300" ind1=" " ind2=" ">
    <subfield code="a">xxi, 573: pages </subfield>
  </datafield>
  <datafield tag="505" ind1=" " ind2=" ">
    <subfield code="a">Special Theory of Relativity (Page-1), Nuclear Physics (Page-35), Quantum Physics (Page-67),  Elements of Crystallography (Page-123), Free Electronic Theory of Metals (Page-151), Magnetic Materials and Superconductivity (Page-167), Band Theory of Solids (Page-189), Semiconductors (Page-199), Dielectrics (Page-216), Nanophysics (Page-234), Electromagnetic Waves (Page-257), Interference (Page-304), Diffraction (Page-350), Polarisation (Page-387), Lasers (Page-423), Fiber Optics (Page-468), Ultrasonics  (Page-488), Acoustics of Building (Page-505), Oscillations (Page-525).</subfield>
  </datafield>
  <datafield tag="942" ind1=" " ind2=" ">
    <subfield code="2">ddc</subfield>
    <subfield code="c">BK</subfield>
  </datafield>
  <datafield tag="999" ind1=" " ind2=" ">
    <subfield code="c">592628</subfield>
    <subfield code="d">592628</subfield>
  </datafield>
  <datafield tag="952" ind1=" " ind2=" ">
    <subfield code="0">0</subfield>
    <subfield code="1">0</subfield>
    <subfield code="2">ddc</subfield>
    <subfield code="4">0</subfield>
    <subfield code="7">0</subfield>
    <subfield code="a">MCS</subfield>
    <subfield code="b">MCS</subfield>
    <subfield code="c">GEN</subfield>
    <subfield code="d">2022-12-08</subfield>
    <subfield code="l">3</subfield>
    <subfield code="o">530.23, VER</subfield>
    <subfield code="p">MCS37723</subfield>
    <subfield code="r">2025-06-27</subfield>
    <subfield code="s">2025-06-12</subfield>
    <subfield code="w">2022-12-08</subfield>
    <subfield code="y">BK</subfield>
    <subfield code="z">Almirah No.16, Shelf No.1</subfield>
  </datafield>
</record>
